00591 2200217 4500001002100000005001500021035002000036007000300056008004100059020001800100082001100118084001700129100002300146245008100169260003400250300002700284650001900311700002100330990001100351990001100362INLIS00000000000622120210128094044 a0010-0121000011ta210128 f 0 ind  a979-736-376-7 a297.32 a297.32 MUS s0 aMUSTAGHFIRI, Asror1 aSuara Mimbar :bKhutbah Jum'at /cMustaghfiri Asror; editor, Mahmud Sya'roni aSemarang :bAneka Ilmu,c2010 avi, 298 hal. ;c21 cm. 4aKHOTBAH JUM'AT0 aMAHMUD, Sya'roni a7771 a a7771 b